| 000 | 003490000a22001570004500 | ||
|---|---|---|---|
| 001 | 004385 | ||
| 003 | MACL | ||
| 040 | _aMACL | ||
| 090 |
_c16378 _d16377 |
||
| 100 | _aAhmad, Sardar | ||
| 245 |
_aLibraries In Medieval India _cSardar Ahmad |
||
| 260 |
_aPatna University, _c2002 |
||
| 350 | _a700 | ||
| 650 | _aLibrary Operations | ||
| 942 |
_k25 _cBook |
||
| 999 |
_c16276 _d16276 |
||